| 000 | 01040nam a22002537a 4500 | ||
|---|---|---|---|
| 005 | 20170124103028.0 | ||
| 010 | _aA-592783 | ||
| 020 |
_c55.00 _a8121404932 |
||
| 035 | _aA-592783 | ||
| 037 | _bCen Lib/Ret | ||
| 040 |
_aDPL _bHN |
||
| 082 |
_aक _bमृद्गल |
||
| 100 |
_aमृद्गल, चित्रा _963047 |
||
| 245 |
_aजगदंबा बाबू गाँव आ रहें हैं / _cमृद्गल चित्रा |
||
| 246 |
_aJagdamba babu gaanv aa rahe hain / _bby Mrudgal babu |
||
| 260 |
_aनई दिल्ली _bनेशनल पब्लिशिंग हाउस _c1992 |
||
| 270 |
_bनई दिल्ली _a23, दरयागंज _e110002 |
||
| 300 |
_a102पृ. _c19सेमी (सजिल्द) |
||
| 650 |
_aहिन्दी साहित्य _963048 |
||
| 650 |
_a हिंदी कहानियां _92082 |
||
| 650 |
_aHindi literature _963049 |
||
| 650 |
_aHindi stories _963050 |
||
| 942 |
_2ddc _cHN _hक _mमृद्गल |
||
| 999 |
_c115747 _d115747 |
||